000 00906cam a2200253 4500
001 J93727
008 980409 1998
035 _a(Sirsi) u88315
041 0 _aeng
050 0 4 _a347.4109 $2 18
110 2 _aJoint Contracts Tribunal
_93664
245 0 0 _aJCT 1998 edition of the Construction Industry Model Arbitration Rules including JCT supplementary and advisory procedures
260 _aLondon
_bRIBA Publications
_c1998
300 _a24p.
_c30cm.
350 _a9
490 0 _aJCT Construction Industry Model Arbitration Rules (1998 Edition)
520 _aIncludes notes issued by the Society of Construction Arbitrators.
650 _aARBITRATION ACT 1996
650 _aCIMAR
651 4 _aUnited Kingdom
_y
690 _aMANAGEMENT-DISPUTE AVOIDANCE, MANAGEMENT AND RESOLUTION-DISPUTE MANAGEMENT AND RESOLUTION-ARBITRATION
942 _n0
948 _c04/09/1998
999 _c97329
_d97329